000 00677nam a2200289Ia 4500
005 20260324121830.0
008 008 260324s9999 xx 000 0 eng d
020 _a9780203796917
037 _aEBOOK
040 _aCRL
040 _beng
040 _cCRL
041 _2eng
041 _aeng
084 _qCRL
100 _aAlison Young
_91164048
245 0 _aStreet Art, Public City
245 0 _bLaw, Crime and the Urban Imagination
260 _bTaylor and Francis
260 _c2013
365 _a
365 _b230
856 _uhttp://www.taylorfrancis.com/books/9780203796917
942 _cEBOOK
999 _c1756388
_d1756388